01265 a2200181 45000010006000000050017000060080041000230030015000640400040000790800076001192450077001952640049002723000019003215200006003405050683003461000029010297000025010582898020260407155558.0260407a1980 arg spa dAR-UNSa-BCEJYS aAR-UNSa-BCEJYSbspacAR-UNSa-BCEJYS a657.23xCompensaciones. Correcciones. Ajustes (devaluación monetaria)10aClases de ajuste integral por infalciónpReslución Nº 183/79 CPCECF 1aBuenos Aires :bLiceo Profesional Cimac1980 a245 p.c22 cm. a  a1. Principales disposiciones de la resolución nº 183/79 C.P.C.E.C.F. - 2. El ajuste integral por inflación según dictamen nº 2 I.T.C.P. - 3. Lineamientos generales del método simplificado - 4. Esquema del dictamen nº 2 I.T.C.P. - 5. Método simplificado. Esquema del anexo res. 183/79 C.P.C.E.C.F. - 6. Método simplificado. Normas particulares de ajuste del activo y pasivo - 7. Método simplificado. Normas particulares de ajuste del patrimonio neto y estado de resultados - 8. Ejemplo de aplicación del método simplificado - 9. Ajuste del patrimonio neto según dictamen nº 2 I.T.C.P. - 10. Ejemplo de aplicación del dictamen nº 2 I.T.C.P. - 11. Anexos1 aSenderovich, Isaac Aizik1 aTelias, Alejandro J.